UN GMO rules come into force (Record no. 73429)
[ view plain ]
| 000 -LEADER | |
|---|---|
| fixed length control field | 01128cam a2200205 4500 |
| 001 - CONTROL NUMBER | |
| control field | WB3935-08 |
| 008 - FIXED-LENGTH DATA ELEMENTS--GENERAL INFORMATION | |
| fixed length control field | 030917n2003 000 0 eng u |
| 035 ## - SYSTEM CONTROL NUMBER | |
| System control number | (Sirsi) u123652 |
| 245 ## - TITLE STATEMENT | |
| Title | UN GMO rules come into force |
| 260 ## - PUBLICATION, DISTRIBUTION, ETC. | |
| Date of publication, distribution, etc. | 2003 |
| 490 ## - SERIES STATEMENT | |
| Series statement | UNEP Convention on Biological Diversity Press Release |
| Volume/sequential designation | 9 September 2003 (3) |
| 520 ## - SUMMARY, ETC. | |
| Summary, etc. | UN rules regulating the transboundary movement of genetically modified organisms to protect human health and the environment from their potential risks have entered into force. The Cartagena biosafety protocol was agreed in 2000. The EU and seven of its members are among the 57 states that have ratified it. The Convention is urging more countries to ratify in time for the first conference of the parties in February 2004. View protocol at http://www.biodiv.org/biosafety/default.aspx. http://www.biodiv.org/doc/press/presskits/bs/pr-01-en.pdf |
| 590 ## - LOCAL NOTE (RLIN) | |
| Local note | WB |
| 650 ## - SUBJECT ADDED ENTRY--TOPICAL TERM | |
| Topical term or geographic name entry element | CARTAGENA PROTOCOL ON BIODIVERSITY |
| 650 ## - SUBJECT ADDED ENTRY--TOPICAL TERM | |
| Topical term or geographic name entry element | BIODIVERSITY |
| 650 ## - SUBJECT ADDED ENTRY--TOPICAL TERM | |
| Topical term or geographic name entry element | GENETICALLY MODIFIED ORGANISMS |
| 650 ## - SUBJECT ADDED ENTRY--TOPICAL TERM | |
| Topical term or geographic name entry element | BIOTECHNOLOGY |
| 690 ## - LOCAL SUBJECT ADDED ENTRY--TOPICAL TERM (OCLC, RLIN) | |
| Topical term or geographic name as entry element | ENVIRONMENTAL AND LAND CONSULTANCY |
| 942 ## - ADDED ENTRY ELEMENTS (KOHA) | |
| Suppress in OPAC | 0 |
| Withdrawn status | Lost status | Source of classification or shelving scheme | Damaged status | Not for loan | Home library | Current library | Shelving location | Date acquired | Total Checkouts | Full call number | Barcode | Date last seen | Copy number | Price effective from | Koha item type |
|---|---|---|---|---|---|---|---|---|---|---|---|---|---|---|---|
| Dewey Decimal Classification | London | London | News article | 17/09/2003 | WB3935-08 | 123652-1001 | 06/08/2019 | 1 | 06/08/2019 | News article |